[Event "Pavlodar op"]
[Site "Pavlodar"]
[Date "2017.11.21"]
[Round "1"]
[White "Akhmetov, Ayan"]
[Black "Kamitov, Erken"]
[Result "1-0"]
[WhiteElo "2416"]
[BlackElo "1793"]
[PlyCount "71"]
[EventDate "2017.11.21"]
[EventType "swiss"]
[EventRounds "9"]
[EventCountry "KAZ"]
[SourceTitle "EXT 2019"]
[Source "ChessBase"]
[SourceDate "2018.10.10"]
[SourceVersion "1"]
[SourceVersionDate "2018.10.10"]
[SourceQuality "1"]

1. c4 e5 2. Nc3 Nf6 3. g3 c6 4. Bg2 d6 5. d4 Nbd7 6. Nf3 Be7 7. 0-0 0-0 8. e4 Qc7 9. h3 Re8 10. Re1 b6 11. b3 Bb7 12. d5 cxd5 13. Nxd5 Nxd5 14. cxd5 Rf8 15. h4 Bc8 16. Bg5 f6 17. Rc1 Qd8 18. Bd2 Nc5 19. Qc2 f5 20. Ng5 h6 21. Ne6 Nxe6 22. dxe6 Bxe6 23. exf5 Rc8 24. fxe6 Rxc2 25. Rxc2 Rf6 26. Rec1 Rf8 27. Rc7 Re8 28. Rxa7 d5 29. Rd7 Qa8 30. Bxd5 Qxa2 31. Be3 Qa5 32. Rcc7 Qb4 33. Kg2 Kh7 34. Rc4 Qxb3 35. Be4+ Kh8 36. Rxe7 1-0

[Event "KAZ-ch sf"]
[Site "Pavlodar"]
[Date "2016.02.08"]
[Round "3"]
[White "Ankudinova, Elena"]
[Black "Kamitov, Erken"]
[Result "0-1"]
[WhiteElo "2150"]
[BlackElo "1817"]
[PlyCount "84"]
[EventDate "2016.02.05"]
[EventType "swiss"]
[EventRounds "9"]
[EventCountry "KAZ"]
[SourceTitle "CBM 171 Extra"]
[Source "ChessBase"]
[SourceDate "2016.04.26"]
[SourceVersion "1"]
[SourceVersionDate "2016.04.26"]
[SourceQuality "1"]

1. c4 e5 2. Nc3 Nf6 3. Nf3 Nc6 4. d4 exd4 5. Nxd4 Nxd4 6. Qxd4 Be7 7. g3 d6 8. Bg2 0-0 9. 0-0 Re8 10. b3 a6 11. Bb2 Bf8 12. Rad1 Qe7 13. Rfe1 Rb8 14. h3 Be6 15. e4 Qd7 16. Kh2 Qc8 17. Nd5 Nd7 18. f4 f6 19. Bf1 c6 20. Ne3 b5 21. Rc1 Qb7 22. Bg2 Nb6 23. cxb5 axb5 24. Qc3 Bd7 25. Red1 Rbc8 26. Bf3 Rc7 27. h4 c5 28. Nd5 Nxd5 29. exd5 Bf5 30. Re1 Rce7 31. b4 c4 32. Rxe7 Qxe7 33. a3 Bd3 34. Qd4 Qe3 35. Kg2 Qd2+ 36. Qf2 Be2 37. Kh2 Qxb2 38. Re1 c3 39. Rxe2 Rxe2 40. Bxe2 c2 41. Qe3 c1Q 42. Qe6+ Kh8 0-1

[Event "Pavlodar op"]
[Site "Pavlodar"]
[Date "2014.12.04"]
[Round "5"]
[White "Kurmanbayev, Yerken"]
[Black "Kamitov, Erken"]
[Result "1-0"]
[WhiteElo "2197"]
[BlackElo "1881"]
[PlyCount "31"]
[EventDate "2014.12.01"]
[EventType "swiss"]
[EventRounds "9"]
[EventCountry "KAZ"]
[SourceTitle "EXT 2016"]
[Source "ChessBase"]
[SourceDate "2015.10.08"]
[SourceVersion "1"]
[SourceVersionDate "2015.10.08"]
[SourceQuality "1"]

1. e4 d5 2. exd5 Qxd5 3. Nc3 Qd6 4. Bc4 a6 5. d4 Nf6 6. Nge2 e6 7. 0-0 Be7 8. Bf4 Qd8 9. a4 0-0 10. Qd3 Nbd7 11. Rad1 c6 12. Bb3 Re8 13. Ne4 Nf8 14. c4 Qb6 15. c5 Qb4 16. Bd2 1-0

[Event "Pavlodar op"]
[Site "Pavlodar"]
[Date "2014.12.01"]
[Round "1"]
[White "Demianjuk, Alexander"]
[Black "Kamitov, Erken"]
[Result "1-0"]
[WhiteElo "2365"]
[BlackElo "1881"]
[PlyCount "75"]
[EventDate "2014.12.01"]
[EventType "swiss"]
[EventRounds "9"]
[EventCountry "KAZ"]
[SourceTitle "EXT 2016"]
[Source "ChessBase"]
[SourceDate "2015.10.08"]
[SourceVersion "1"]
[SourceVersionDate "2015.10.08"]
[SourceQuality "1"]

1. d4 d5 2. c4 c6 3. Nf3 Nf6 4. Nc3 e6 5. e3 Bd6 6. Qc2 a6 7. c5 Bc7 8. Bd3 Nbd7 9. e4 dxe4 10. Bxe4 Nxe4 11. Nxe4 Ba5+ 12. Bd2 Bxd2+ 13. Qxd2 0-0 14. 0-0 a5 15. Rac1 Nf6 16. Nd6 Nd5 17. Rfe1 b5 18. a3 Ra7 19. Ne5 Qc7 20. Re4 f6 21. Nd3 Bd7 22. Rce1 b4 23. a4 Qd8 24. Nf4 Nc7 25. Qc2 g5 26. Nh5 Ne8 27. Nc4 Nc7 28. Nd6 Be8 29. Qd1 Bd7 30. h4 f5 31. Re5 h6 32. hxg5 hxg5 33. g3 Ne8 34. Nc4 Nc7 35. Kg2 Be8 36. Rh1 Bg6 37. Nd6 Qe7 38. Ree1 1-0